Viage al estrecho de Magallanes / (Record no. 164812)

MARC details
000 -LEADER
campo de control de longitud fija 01978nam a2200277 i 4500
001 - NÚMERO DE CONTROL
campo de control 164812
003 - IDENTIFICADOR DE NÚMERO DE CONTROL
campo de control ES-MaACL
005 - FECHA Y HORA DE LA ÚLTIMA TRANSACCIÓN
campo de control 20251127164634.0
008 - DATOS DE LONGITUD FIJA--INFORMACIÓN GENERAL
campo de control de longitud fija 950102s1768 sp f |||| | spa d
100 1# - ENTRADA PRINCIPAL--NOMBRE DE PERSONA
Nombre de persona Sarmiento de Gamboa, Pedro.
9 (RLIN) 132483
245 10 - MENCIÓN DEL TÍTULO
Título Viage al estrecho de Magallanes /
Mención de responsabilidad, etc. por el capitan Pedro Sarmiento de Gamboa ; en los años 1579 y 1580 ; y noticia de la expedicion que hizo despues para poblarle.
260 ## - PUBLICACIÓN, DISTRIBUCIÓN, ETC.
Lugar de publicación, distribución, etc. En Madrid :
Nombre del editor, distribuidor, etc. En la Imprenta Real de la Gazeta,
Fecha de publicación, distribución, etc. 1768.
300 ## - DESCRIPCIÓN FÍSICA
Extensión LXXXIV, 402, [2], XXXIII p., [3] h. de grab. pleg. ;
Dimensiones 4º.
505 8# - NOTA DE CONTENIDO CON FORMATO
Nota de contenido con formato Contiene: Compendio del derrotero de Pedro de Sarmiento / que Bartolomé Leonardo de Argensola sacó y publicó en su Historia de las Malucas, p. XXXIX-LXX. Testimonios de varios autores que hacen mencion de Pedro de Sarmiento, p. LXXI-LXXVIII. Carta del Virréi del Perú Don Francisco de Toledo ..., LXXIX-LXXXIV. Relacion y derrotero del Viage y descubrimiento del Estrecho de la Madre-de-Dios, antes llamado de Magallanes, p. 1-402. Declaracion que de órden del Virréi del Perú ... / hizo ... Tomé Hernandez : de lo sucedido en las dos poblaciones fundadas en el Estrecho de Magallánes por Pedro Sarmiento de Gamboa, p. [2], i-xxxiii
530 ## - NOTA DISPONIBLE DE FORMULARIO FÍSICO ADICIONAL
Nota de formato físico adicional disponible Disponible en formato digital.
597 ## - NOTA DE DESCRIPCIÓN FÍSICA
NOTA DE DESCRIPCIÓN FÍSICA Sign.: A-K4, I², A-Z4, Aa-Zz4, Aaa-Hhh4, Iii³.
597 ## - NOTA DE DESCRIPCIÓN FÍSICA
NOTA DE DESCRIPCIÓN FÍSICA Texto con apostillas marginales.
599 ## - NOTA A LAS ILUSTRACIONES
NOTA A LAS ILUSTRACIONES Las h. de grab. pleg. son grabados calc.: "Ant. Espinosa f."
651 #4 - PUNTO DE ACCESO ADICIONAL DE MATERIA--NOMBRE GEOGRÁFICO
Nombre geográfico Magallanes (Estrecho)-
Subdivisión general Descubrimientos y exploraciones.
9 (RLIN) 136066
700 1# - ENTRADA AGREGADA--NOMBRE PERSONAL
Nombre de persona Hernández, Tomé.
Título de la obra Declaracion que de órden del Virréi del Perú ...
9 (RLIN) 127922
700 1# - ENTRADA AGREGADA--NOMBRE PERSONAL
Nombre de persona Toledo, Francisco de,
Títulos y otros términos asociados al nombre Virrey de Perú
9 (RLIN) 133287
700 1# - ENTRADA AGREGADA--NOMBRE PERSONAL
Nombre de persona Leonardo de Argensola, Bartolomé,
Fechas asociadas al nombre 1562-1631
9 (RLIN) 71674
852 ## - LOCALIZACIÓN
Ubicación ES-MaACL
Número de control de estantería R-1050
Nota libre - Enc. hol.
Encuadernación - Olim: G-7055
856 ## - LOCALIZACIÓN Y ACCESO ELECTRÓNICOS
Identificador Uniforme de Recursos <a href="http://bdh-rd.bne.es/viewer.vm?id=0000001372&page=1 ">http://bdh-rd.bne.es/viewer.vm?id=0000001372&page=1 </a>
Nota pública Biblioteca Digital Hispánica
Holdings
Estatus retirado Estado de pérdida Estado de daño No para préstamo Colección Biblioteca de origen Biblioteca actual Ubicación en estantería Fecha de adquisición Fuente de adquisición Total de préstamos Signatura topográfica completa Código de barras Visto por última vez Precio de reemplazo Tipo de ítem Koha
        Colección digital Biblioteca del Ateneo de Madrid Biblioteca del Ateneo de Madrid Depósito 17/01/2008     R-1050 1172770 23/02/2023 23/02/2023 Libro impreso antiguo